000 00318nam a2200133Ia 4500
005 20251222144714.0
008 251222s9999||||xx |||||||||||||| ||spa||
020 _a968-444-439-7
082 _a658.84/J21
100 _aJanal, Daniel
245 0 _aMarketing en Internet:
264 _bPearson Educación
942 _cLIB
999 _c17963
_d17963